Polityka dochodów w Austrii - Aspekty teoretyczne i praktyczne.
Konjunktúra rakúskeho hospodárstva v 70. a 80. rokoch. Teoretické základy príjmovej politiky, mechanizmus vplyvu príjmovej politiky na zlepšenie nahraditeľnosti (trade off) inflácie a nezamestnanosti. Praktické riešenia pri plnení príjmovej politiky v inštitucionálnej oblasti a v oblasti jej regulov...
Gespeichert in:
| 1. Verfasser: | |
|---|---|
| Format: | Buchkapitel |
| Sprache: | Polnisch |
| Schlagworte: | |
| Tags: |
Keine Tags, Fügen Sie das erste Tag hinzu!
|
MARC
| LEADER | 00000naa a2200000 4500 | ||
|---|---|---|---|
| 001 | r002749 | ||
| 005 | 20220819194457.7 | ||
| 041 | 0 | |a pol | |
| 044 | |a PL | ||
| 245 | 1 | 0 | |a Polityka dochodów w Austrii - Aspekty teoretyczne i praktyczne. |c W. Kwiatkowska |
| 520 | |a Konjunktúra rakúskeho hospodárstva v 70. a 80. rokoch. Teoretické základy príjmovej politiky, mechanizmus vplyvu príjmovej politiky na zlepšenie nahraditeľnosti (trade off) inflácie a nezamestnanosti. Praktické riešenia pri plnení príjmovej politiky v inštitucionálnej oblasti a v oblasti jej regulovania. | ||
| 610 | 2 | 0 | |a príjmy |
| 610 | 2 | 0 | |a Rakúsko |
| 610 | 2 | 0 | |a regulácia miezd |
| 610 | 2 | 0 | |a 1970-1990 |
| 610 | 2 | 0 | |a inflácia |
| 610 | 2 | 0 | |a nezamestnanosť |
| 100 | 1 | |a Kwiatkowska, W. | |